00747nam a2200205 a 450000100100000000500170001000800410002702000150006804000250008310000300010824501020013826000290024030000210026949000240029050000420031450400320035683000310038895201050041999900170052400002810320200930031342.0110406s1982 sp 000 0 spa d a8430909346 aDO-SdBNPbspacBNPHU1 aTortosa, José M.95511210aPolítica lingüistica y lenguas minoritarias :bde babel a pentecostés /cJosé M. Tortosa. aMadrid :bTecnos,c1982. a158 p. ;c19 cm.1 aSatatus quaestionis aIncluye notas al pie de las páginas aBibliografía : p. 157-158 0aSatatus quaestionis955113 001050718MOaGRbGRcCTd2011-04-06iLF1l0o p28103-10r2020-06-25w2020-06-25y1ZNo se presta c27595d27595